[Event "AUT-chT2O 1011"]
[Site "Austria"]
[Date "2010.11.27"]
[Round "6"]
[White "Rihtar, Gottfried"]
[Black "Schlosser, Michael"]
[Result "0-1"]
[WhiteElo "2167"]
[BlackElo "2331"]
[PlyCount "46"]
[EventDate "2010.10.02"]
[EventType "team-tourn"]
[EventRounds "11"]
[EventCountry "AUT"]
[SourceTitle "EXT 2012"]
[Source "ChessBase"]
[SourceDate "2011.11.24"]
[SourceVersion "1"]
[SourceVersionDate "2011.11.24"]
[SourceQuality "1"]
[WhiteTeam "Nickelsdorf"]
[BlackTeam "Wieden"]
[WhiteTeamCountry "AUT"]
[BlackTeamCountry "AUT"]

1. c4 e5 2. Nc3 Nc6 3. g3 f5 4. Bg2 Bc5 5. e3 Nf6 6. d3 a5 7. Nge2 d6 8. 0-0 0-0 9. b3 Kh8 10. Bb2 Qe8 11. d4 Bb6 12. Rc1 Bd7 13. Na4 Ba7 14. c5 e4 15. cxd6 cxd6 16. Ba3 Qb8 17. f3 b5 18. fxe4 bxa4 19. e5 Nxe5 20. Bxa8 Qxa8 21. Bxd6 Neg4 22. Bxf8 Nxe3 23. Qd3 Qg2# 0-1

[Event "AUT-chT2O 1011"]
[Site "Austria"]
[Date "2010.10.30"]
[Round "3.4"]
[White "Schlosser, Michael"]
[Black "Pisk, Petr"]
[Result "0-1"]
[WhiteElo "2331"]
[BlackElo "2313"]
[PlyCount "54"]
[EventDate "2010.10.02"]
[EventType "team-tourn"]
[EventRounds "11"]
[EventCountry "AUT"]
[SourceTitle "EXT 2011"]
[Source "ChessBase"]
[SourceDate "2010.11.26"]
[SourceVersion "1"]
[SourceVersionDate "2010.11.26"]
[SourceQuality "1"]
[WhiteTeam "Wieden"]
[BlackTeam "Zwettl"]
[WhiteTeamCountry "AUT"]
[BlackTeamCountry "AUT"]

1. e4 c5 2. Nf3 d6 3. d4 Nf6 4. Nc3 cxd4 5. Nxd4 g6 6. Be3 Bg7 7. f3 0-0 8. g4 Nc6 9. g5 Nh5 10. Qd2 Nxd4 11. Bxd4 Bxd4 12. Qxd4 Qa5 13. Rg1 Be6 14. a3 Rab8 15. b4 Qc7 16. Bd3 a6 17. 0-0-0 Rbc8 18. Nd5 Bxd5 19. exd5 e5 20. dxe6 fxe6 21. Rg4 d5 22. Qe3 Nf4 23. Kb1 Nxd3 24. Qxe6+ Kh8 25. Rxd3 Qxc2+ 26. Ka1 Rce8 27. Qf6+ Rxf6 0-1

[Event "AUT-chT2O 0910"]
[Site "Austria"]
[Date "2010.03.27"]
[Round "8.4"]
[White "Schlosser, Michael"]
[Black "Juenger, Heinz"]
[Result "1/2-1/2"]
[WhiteElo "2345"]
[BlackElo "2086"]
[PlyCount "37"]
[EventDate "2009.10.17"]
[EventType "team-tourn"]
[EventRounds "11"]
[EventCountry "AUT"]
[SourceTitle "EXT 2011"]
[Source "ChessBase"]
[SourceDate "2010.11.26"]
[SourceVersion "1"]
[SourceVersionDate "2010.11.26"]
[SourceQuality "1"]
[WhiteTeam "Wieden"]
[BlackTeam "St Poelten"]
[WhiteTeamCountry "AUT"]
[BlackTeamCountry "AUT"]

1. e4 c5 2. Nf3 Nc6 3. d4 cxd4 4. Nxd4 Nf6 5. Nc3 e5 6. Ndb5 h6 7. Nd5 Nxd5 8. exd5 a6 9. dxc6 axb5 10. cxd7+ Bxd7 11. Qd5 Qc7 12. c3 Bc5 13. Be3 Bxe3 14. fxe3 0-0 15. Bxb5 Be6 16. Qd3 Bxa2 17. 0-0 Rad8 18. Qe2 Be6 19. h3 1/2-1/2

[Event "AUT-chT2O 0910"]
[Site "Austria"]
[Date "2009.11.15"]
[Round "4.3"]
[White "Kreindl, Helmut"]
[Black "Schlosser, Michael"]
[Result "1/2-1/2"]
[WhiteElo "2194"]
[BlackElo "2345"]
[PlyCount "66"]
[EventDate "2009.10.17"]
[EventType "team-tourn"]
[EventRounds "11"]
[EventCountry "AUT"]
[SourceTitle "EXT 2010"]
[Source "ChessBase"]
[SourceDate "2010.11.25"]
[SourceVersion "1"]
[SourceVersionDate "2010.11.25"]
[SourceQuality "1"]
[WhiteTeam "Tschaturanga"]
[BlackTeam "Wieden"]
[WhiteTeamCountry "AUT"]
[BlackTeamCountry "AUT"]

1. d4 g6 2. Nf3 Bg7 3. c3 f5 4. Nbd2 Nf6 5. Qc2 0-0 6. e4 fxe4 7. Nxe4 d5 8. Ng3 Nc6 9. Bb5 Qd6 10. Bxc6 bxc6 11. 0-0 Nd7 12. Re1 e5 13. dxe5 Nxe5 14. Nxe5 Bxe5 15. Bh6 Bg7 16. Bxg7 Kxg7 17. Re3 Bd7 18. Rae1 Rf7 19. Qd2 a5 20. Re5 a4 21. Qd4 Kg8 22. c4 Qb4 23. a3 Qxc4 24. Qxc4 dxc4 25. Rc5 Rb8 26. Re2 Rf4 27. f3 Rb5 28. Re4 Rxc5 29. Rxf4 Be6 30. Ne4 Rb5 31. Nc3 Rxb2 32. Nxa4 Ra2 33. Re4 Rxa3 1/2-1/2

[Event "AUT-chT2O 0708"]
[Site "Austria"]
[Date "2008.02.17"]
[Round "9.1"]
[White "Schroll, Gerhard"]
[Black "Schlosser, Michael"]
[Result "1-0"]
[WhiteElo "2409"]
[BlackElo "2328"]
[PlyCount "75"]
[EventDate "2007.10.20"]
[EventType "team"]
[EventRounds "11"]
[EventCountry "AUT"]
[SourceTitle "EXT 2009"]
[Source "ChessBase"]
[SourceDate "2008.11.26"]
[SourceVersion "1"]
[SourceVersionDate "2008.11.26"]
[SourceQuality "1"]
[WhiteTeam "Wiener Neustadt"]
[BlackTeam "Wieden"]
[WhiteTeamCountry "AUT"]
[BlackTeamCountry "AUT"]

1. e4 g6 2. d4 Bg7 3. c3 d6 4. Bc4 Nf6 5. Qe2 e5 6. dxe5 dxe5 7. Nf3 Nbd7 8. 0-0 h6 9. Rd1 Qe7 10. b4 a5 11. a3 0-0 12. Nbd2 b6 13. Nf1 Bb7 14. Ng3 Ne8 15. Bb2 Kh7 16. h4 Nd6 17. Bd5 Bxd5 18. exd5 Rae8 19. h5 g5 20. c4 f5 21. Qc2 e4 22. Bxg7 Qxg7 23. Nd4 Ne5 24. c5 bxc5 25. bxc5 Nd3 26. Ne6 Rxe6 27. dxe6 Nb5 28. Qc4 Nc3 29. e7 Re8 30. Nxf5 Qf6 31. Rxd3 Ne2+ 32. Kh2 Qxf5 33. Re3 Rxe7 34. Qxe2 Qe5+ 35. g3 Qxa1 36. Rxe4 Rf7 37. Re6 Qb1 38. Kg2 1-0

[Event "AUT-chT2O 0708"]
[Site "Austria"]
[Date "2008.02.16"]
[Round "8.1"]
[White "Schlosser, Michael"]
[Black "Hangweyrer, Manfred"]
[Result "1/2-1/2"]
[WhiteElo "2328"]
[BlackElo "2382"]
[PlyCount "39"]
[EventDate "2007.10.20"]
[EventType "team"]
[EventRounds "11"]
[EventCountry "AUT"]
[SourceTitle "EXT 2009"]
[Source "ChessBase"]
[SourceDate "2008.11.26"]
[SourceVersion "1"]
[SourceVersionDate "2008.11.26"]
[SourceQuality "1"]
[WhiteTeam "Wieden"]
[BlackTeam "Wien Austria"]
[WhiteTeamCountry "AUT"]
[BlackTeamCountry "AUT"]

1. e4 c5 2. Nf3 Nc6 3. d4 cxd4 4. Nxd4 g6 5. c4 Nf6 6. Nc3 Nxd4 7. Qxd4 d6 8. Be2 Bg7 9. Be3 0-0 10. Qd2 Bd7 11. 0-0 Bc6 12. f3 a5 13. Rab1 Nd7 14. b3 b6 15. a3 Nc5 16. Nd5 Bxd5 17. Qxd5 Qc7 18. Rfd1 Rfd8 19. Qd2 e5 20. b4 1/2-1/2

[Event "AUT-chT2O 0708"]
[Site "Austria"]
[Date "2008.01.26"]
[Round "6.1"]
[White "Schlosser, Michael"]
[Black "Polak, Tomas"]
[Result "1/2-1/2"]
[WhiteElo "2328"]
[BlackElo "2540"]
[PlyCount "100"]
[EventDate "2007.10.20"]
[EventType "team"]
[EventRounds "11"]
[EventCountry "AUT"]
[SourceTitle "EXT 2009"]
[Source "ChessBase"]
[SourceDate "2008.11.26"]
[SourceVersion "1"]
[SourceVersionDate "2008.11.26"]
[SourceQuality "1"]
[WhiteTeam "Wieden"]
[BlackTeam "Stockerau"]
[WhiteTeamCountry "AUT"]
[BlackTeamCountry "AUT"]

1. e4 c5 2. Nf3 Nc6 3. d4 cxd4 4. Nxd4 g6 5. c4 Nf6 6. Nc3 d6 7. Be2 Nxd4 8. Qxd4 Bg7 9. Be3 0-0 10. Qd2 Be6 11. f3 Qa5 12. Nd5 Qxd2+ 13. Kxd2 Nxd5 14. cxd5 Bd7 15. Rac1 Rfc8 16. b4 Bb2 17. Rc2 Rxc2+ 18. Kxc2 Be5 19. b5 e6 20. dxe6 Bxe6 21. f4 Rc8+ 22. Kb1 Bxa2+ 23. Kxa2 Rc2+ 24. Kb1 Rb2+ 25. Kc1 Rxe2 26. fxe5 Rxe3 27. exd6 Kf8 28. Kc2 Rxe4 29. Ra1 Re2+ 30. Kc3 a6 31. bxa6 bxa6 32. Rxa6 Ke8 33. Ra8+ Kd7 34. Ra7+ Kxd6 35. Rxf7 Rxg2 36. Rxh7 Ke5 37. Kd3 Kf4 38. Rh4+ Kf3 39. Rh8 g5 40. Rf8+ Kg4 41. Rh8 Rf2 42. Ke3 Rf6 43. Rh7 Rf8 44. Rh6 Rf3+ 45. Ke4 Ra3 46. Rh8 Ra1 47. h3+ Kg3 48. Kf5 Ra5+ 49. Kg6 g4 50. hxg4 Kxg4 1/2-1/2

[Event "AUT-chT2O 0607"]
[Site "Austria"]
[Date "2007.04.15"]
[Round "11.1"]
[White "Ganaus, Hannes"]
[Black "Schlosser, Michael"]
[Result "1/2-1/2"]
[WhiteElo "2326"]
[BlackElo "2335"]
[PlyCount "21"]
[EventDate "2006.10.06"]
[EventType "team-tourn"]
[EventRounds "11"]
[EventCountry "AUT"]
[SourceTitle "EXT 2007"]
[Source "ChessBase"]
[SourceDate "2006.11.23"]
[SourceVersion "1"]
[SourceVersionDate "2006.11.23"]
[SourceQuality "1"]
[WhiteTeam "Eichgraben/Pressbaum"]
[BlackTeam "Wieden Aljechin"]
[WhiteTeamCountry "AUT"]
[BlackTeamCountry "AUT"]

1. e4 c6 2. d4 d5 3. Nc3 dxe4 4. Nxe4 Nd7 5. Nf3 Ngf6 6. Ng3 e6 7. Bc4 c5 8. 0-0 Nb6 9. Bb5+ Bd7 10. Bxd7+ Qxd7 11. Bg5 1/2-1/2

[Event "AUT-chT2O 0607"]
[Site "Austria"]
[Date "2007.04.14"]
[Round "10.1"]
[White "Schlosser, Michael"]
[Black "Vyskocil, Neklan"]
[Result "1/2-1/2"]
[WhiteElo "2335"]
[BlackElo "2374"]
[PlyCount "97"]
[EventDate "2006.10.06"]
[EventType "team-tourn"]
[EventRounds "11"]
[EventCountry "AUT"]
[SourceTitle "EXT 2007"]
[Source "ChessBase"]
[SourceDate "2006.11.23"]
[SourceVersion "1"]
[SourceVersionDate "2006.11.23"]
[SourceQuality "1"]
[WhiteTeam "Wieden Aljechin"]
[BlackTeam "Zwettl"]
[WhiteTeamCountry "AUT"]
[BlackTeamCountry "AUT"]

1. e4 c5 2. Nf3 d6 3. d3 Nc6 4. g3 Nf6 5. Bg2 g6 6. 0-0 Bg7 7. Re1 0-0 8. c3 e5 9. Nbd2 h6 10. a4 Qc7 11. h3 Be6 12. Qe2 Rfe8 13. Nc4 Rad8 14. Bd2 d5 15. exd5 Bxd5 16. Be3 b6 17. Nh2 Qd7 18. Rad1 Nd4 19. Qd2 Nf5 20. Qc2 Bxc4 21. dxc4 Nxe3 22. fxe3 Qe6 23. b3 e4 24. Rxd8 Rxd8 25. Rd1 Rxd1+ 26. Qxd1 Qe5 27. Qe1 h5 28. Nf1 Ne8 29. Qd2 Nd6 30. Kf2 Nf5 31. Qd8+ Bf8 32. Qd5 Qxc3 33. Bxe4 Qxb3 34. Bxf5 gxf5 35. Qxf5 Qa2+ 36. Kg1 Qxa4 37. Qg5+ Bg7 38. Qd8+ Kh7 39. Qd3+ Kh6 40. g4 hxg4 41. hxg4 Qc6 42. Ng3 Qg6 43. Nf5+ Kh7 44. Qe4 Bf8 45. Kf2 Qe6 46. Qa8 Kg8 47. Qxa7 Qxc4 48. Qxb6 Qxg4 49. Qxc5 1/2-1/2

[Event "AUT-chT2O 0607"]
[Site "Austria"]
[Date "2006.10.06"]
[Round "1.1"]
[White "Schlosser, Michael"]
[Black "Papp, Gabor"]
[Result "0-1"]
[WhiteElo "2335"]
[BlackElo "2466"]
[PlyCount "86"]
[EventDate "2006.10.06"]
[EventType "team-tourn"]
[EventRounds "11"]
[EventCountry "AUT"]
[SourceTitle "EXT 2007"]
[Source "ChessBase"]
[SourceDate "2006.11.23"]
[SourceVersion "1"]
[SourceVersionDate "2006.11.23"]
[SourceQuality "1"]
[WhiteTeam "Wieden Aljechin"]
[BlackTeam "Mattersburg"]
[WhiteTeamCountry "AUT"]
[BlackTeamCountry "AUT"]

1. e4 c5 2. Nf3 d6 3. d4 cxd4 4. Nxd4 Nf6 5. Nc3 a6 6. Bc4 e6 7. Bb3 b5 8. a3 Bb7 9. Qe2 Nc6 10. Nxc6 Bxc6 11. 0-0 Be7 12. f4 0-0 13. f5 exf5 14. Rxf5 Bd7 15. Rf1 Bg4 16. Qd3 Nd7 17. Nd5 Ne5 18. Qd4 Bh4 19. Be3 Be2 20. Rf4 Rc8 21. Qa7 a5 22. Bb6 Qg5 23. Rf5 Qg4 24. Qxa5 Nf3+ 25. Kh1 Nxh2 26. Rf4 Qh5 27. Rxh4 Qxh4 28. Qe1 Qh5 29. Nf4 Nf3+ 30. Nxh5 Nxe1 31. Nf4 Nxc2 32. Rc1 Bc4 33. Bxc2 Bb3 34. Rd1 Bxc2 35. Rxd6 Bxe4 36. Rd4 Rfe8 37. Kh2 Rc2 38. Rb4 g5 39. Nh5 Rxg2+ 40. Kh3 g4+ 41. Kh4 Rh2+ 42. Kxg4 f5+ 43. Kg5 Kf7 0-1

[Event "AUT-chT2O 0405"]
[Site "Austria"]
[Date "2004.11.20"]
[Round "3.1"]
[White "Gross, Stefan"]
[Black "Schlosser, Michael"]
[Result "1/2-1/2"]
[WhiteElo "2274"]
[BlackElo "2364"]
[PlyCount "50"]
[EventDate "2004.10.09"]
[EventType "team-tourn"]
[EventRounds "11"]
[EventCountry "AUT"]
[SourceTitle "EXT 2005"]
[Source "ChessBase"]
[SourceDate "2004.11.15"]
[SourceVersion "1"]
[SourceVersionDate "2004.11.15"]
[SourceQuality "1"]
[WhiteTeam "Eichgraben/Pressbaum"]
[BlackTeam "Wieden Aljechin"]
[WhiteTeamCountry "AUT"]
[BlackTeamCountry "AUT"]

1. Nf3 c5 2. c4 f5 3. g3 Nf6 4. Bg2 g6 5. 0-0 Bg7 6. Nc3 0-0 7. d4 Qa5 8. d5 d6 9. Bd2 Qd8 10. Rb1 Na6 11. a3 h6 12. Ne1 g5 13. Nd3 Qe8 14. e4 e5 15. dxe6 Qxe6 16. Qb3 Nxe4 17. Nxe4 fxe4 18. Rbe1 Qf7 19. Bxe4 Nc7 20. f4 Bh3 21. Rf2 Rae8 22. Bc3 b5 23. fxg5 Qxc4 24. Qxc4+ bxc4 25. Bxg7 Kxg7 1/2-1/2

[Event "EU-Cup 19th"]
[Site "Rethymno"]
[Date "2003.10.03"]
[Round "6.3"]
[White "Schlosser, Michael"]
[Black "Bitensky, Igor"]
[Result "1/2-1/2"]
[WhiteElo "2367"]
[BlackElo "2378"]
[PlyCount "89"]
[EventDate "2003.09.28"]
[EventType "team-swiss"]
[EventRounds "7"]
[EventCountry "GRE"]
[SourceTitle "CBM 098"]
[Source "ChessBase"]
[SourceDate "2004.02.03"]
[SourceVersion "1"]
[SourceVersionDate "2004.02.03"]
[SourceQuality "1"]
[WhiteTeam "Gleisdorf"]
[BlackTeam "Tel Aviv Shlomo Har Zvi"]
[WhiteTeamCountry "AUT"]
[BlackTeamCountry "ISR"]

1. e4 e5 2. Nf3 Nc6 3. Bb5 a6 4. Ba4 Nf6 5. 0-0 Be7 6. Re1 b5 7. Bb3 0-0 8. c3 d5 9. exd5 Nxd5 10. Nxe5 Nxe5 11. Rxe5 c6 12. d4 Bd6 13. Re2 Qh4 14. g3 Qh3 15. Nd2 Bf5 16. Qf1 Qh5 17. Re1 Rae8 18. f3 Nf4 19. Ne4 Bh3 20. Bxf4 Bxf1 21. Bxd6 Bh3 22. g4 Qg6 23. Bxf8 Kxf8 24. Nf2 Rxe1+ 25. Rxe1 h5 26. Nxh3 hxg4 27. Nf4 Qh6 28. Re4 gxf3 29. h4 f2+ 30. Kf1 g5 31. Ng2 gxh4 32. Rxh4 Qc1+ 33. Kxf2 Qxb2+ 34. Kg1 Qxc3 35. Rf4 c5 36. Rxf7+ Ke8 37. dxc5 Qxc5+ 38. Rf2 a5 39. Nf4 a4 40. Bf7+ Kd7 41. Kg2 b4 42. Be6+ Kc6 43. Re2 Qc3 44. Bd7+ Kc5 45. Be8 1/2-1/2

[Event "AUT-chT 0203"]
[Site "Austria"]
[Date "2003.03.14"]
[Round "9.5"]
[White "Watzka, Horst"]
[Black "Schlosser, Michael"]
[Result "0-1"]
[WhiteElo "2337"]
[BlackElo "2344"]
[PlyCount "80"]
[EventDate "2002.12.05"]
[EventType "team-tourn"]
[EventRounds "11"]
[EventCountry "AUT"]
[SourceTitle "EXT 2004"]
[Source "ChessBase"]
[SourceDate "2003.11.25"]
[SourceVersion "1"]
[SourceVersionDate "2003.11.25"]
[SourceQuality "1"]
[WhiteTeam "Frohnleiten"]
[BlackTeam "Gleisdorf"]
[WhiteTeamCountry "AUT"]
[BlackTeamCountry "AUT"]

1. e4 g6 2. d4 c6 3. Nc3 d5 4. Nf3 Bg4 5. Be2 Nf6 6. e5 Ne4 7. Nxe4 dxe4 8. Ng1 Bxe2 9. Nxe2 c5 10. c3 Nc6 11. 0-0 Bg7 12. Be3 0-0 13. Qa4 Qd7 14. dxc5 Nxe5 15. Qxe4 f5 16. Qb4 Ng4 17. Rad1 Qc7 18. g3 e5 19. Bc1 Rad8 20. Bg5 Rxd1 21. Rxd1 f4 22. h3 Nxf2 23. Kxf2 h6 24. Bxf4 g5 25. Qb5 exf4 26. gxf4 gxf4 27. Rd7 Qe5 28. Qxb7 Qe3+ 29. Ke1 Bf6 30. Qd5+ Kh8 31. Qd3 Bh4+ 32. Kd1 Qxd3+ 33. Rxd3 f3 34. Rxf3 Rxf3 35. Nd4 Rxh3 36. c6 Bg3 37. Ne6 Rh1+ 38. Kc2 h5 39. c7 Bxc7 40. Nxc7 h4 0-1

[Event "AUT-chT 0203"]
[Site "Austria"]
[Date "2002.12.07"]
[Round "3.5"]
[White "Schlosser, Michael"]
[Black "Pilz, Dieter"]
[Result "1/2-1/2"]
[WhiteElo "2344"]
[BlackElo "2293"]
[PlyCount "47"]
[EventDate "2002.12.05"]
[EventType "team-tourn"]
[EventRounds "11"]
[EventCountry "AUT"]
[SourceTitle "CBM 091 ext"]
[Source "ChessBase"]
[SourceDate "2003.01.09"]
[SourceVersion "1"]
[SourceVersionDate "2003.01.09"]
[SourceQuality "1"]
[WhiteTeam "Gleisdorf"]
[BlackTeam "Absam"]
[WhiteTeamCountry "AUT"]
[BlackTeamCountry "AUT"]

1. e4 e5 2. Bc4 Nc6 3. Nc3 Nf6 4. d3 Bc5 5. f4 d6 6. f5 Na5 7. Qf3 c6 8. Nge2 b5 9. Bb3 Bb7 10. g4 h6 11. Ng3 Qc7 12. h4 0-0-0 13. Bd2 a6 14. 0-0-0 Nxb3+ 15. axb3 d5 16. g5 hxg5 17. hxg5 Rxh1 18. Rxh1 dxe4 19. dxe4 Ne8 20. Nce2 b4 21. Nf1 a5 22. Rh8 Ba6 23. Neg3 Bb5 24. Be3 1/2-1/2

[Event "AUT-chT 0203"]
[Site "Austria"]
[Date "2002.12.05"]
[Round "1.4"]
[White "Schlosser, Michael"]
[Black "Roth, Peter"]
[Result "1-0"]
[WhiteElo "2344"]
[BlackElo "2319"]
[PlyCount "65"]
[EventDate "2002.12.05"]
[EventType "team-tourn"]
[EventRounds "11"]
[EventCountry "AUT"]
[SourceTitle "CBM 091 ext"]
[Source "ChessBase"]
[SourceDate "2003.01.09"]
[SourceVersion "1"]
[SourceVersionDate "2003.01.09"]
[SourceQuality "1"]
[WhiteTeam "Gleisdorf"]
[BlackTeam "Hietzing/Fischer SK"]
[WhiteTeamCountry "AUT"]
[BlackTeamCountry "AUT"]

1. e4 c5 2. Nf3 e6 3. d4 cxd4 4. Nxd4 Bc5 5. Nb3 Bb6 6. Nc3 Ne7 7. g3 Nbc6 8. Bg2 0-0 9. 0-0 a6 10. a4 f5 11. exf5 Nxf5 12. Qe2 d5 13. Nd1 Bd7 14. Ne3 Nfd4 15. Nxd4 Nxd4 16. Qd1 Qf6 17. Ng4 Qf5 18. Be3 h5 19. Bxd4 Bxd4 20. Qxd4 hxg4 21. c4 Bc6 22. cxd5 Rad8 23. Be4 Qh5 24. d6 Rf6 25. Bxc6 bxc6 26. Qb6 Rdf8 27. Qxc6 Rh6 28. Qg2 Qe5 29. Rad1 Qxb2 30. d7 Rd8 31. Qc6 Kf7 32. Qxa6 Rf6 33. Qc6 1-0

[Event "AUT-chT 9798"]
[Site "Austria"]
[Date "1997.11.09"]
[Round "5"]
[White "Schlosser, Michael"]
[Black "Penz, Harald"]
[Result "0-1"]
[WhiteElo "2350"]
[BlackElo "2390"]
[PlyCount "74"]
[EventDate "1997.10.12"]
[EventType "team-tourn"]
[EventRounds "11"]
[EventCountry "AUT"]
[SourceTitle "CBM 063 ext"]
[Source "ChessBase"]
[SourceDate "1998.04.29"]
[SourceVersion "1"]
[SourceVersionDate "1998.04.29"]
[SourceQuality "1"]
[WhiteTeam "Gleisdorf"]
[BlackTeam "Hietzing"]
[WhiteTeamCountry "AUT"]
[BlackTeamCountry "AUT"]

1. e4 e5 2. Nf3 Nf6 3. Nxe5 d6 4. Nf3 Nxe4 5. d4 d5 6. Bd3 Nc6 7. 0-0 Be7 8. c4 Nb4 9. Bxe4 dxe4 10. Ne1 0-0 11. Nc3 Bf5 12. Be3 Re8 13. f3 Bf6 14. Kh1 Qe7 15. f4 Qd7 16. Qd2 Rad8 17. Ne2 Nd3 18. Ng3 g6 19. Nxf5 Qxf5 20. Nc2 b6 21. Rab1 c5 22. dxc5 bxc5 23. b3 Nb4 24. Qf2 Nxc2 25. Qxc2 Rd3 26. Rbe1 Red8 27. Qf2 Bd4 28. h3 Qe6 29. Kh2 f5 30. Re2 Qd6 31. Rfe1 Kf7 32. Qh4 Kg7 33. Kh1 Rd7 34. Qf2 Bxe3 35. Rxe3 Rxe3 36. Qxe3 Qd4 37. Qe2 Qd2 0-1

[Event "AUT-chT 9798"]
[Site "Austria"]
[Date "1997.10.12"]
[Round "1"]
[White "Schlosser, Michael"]
[Black "Duer, Arne"]
[Result "1/2-1/2"]
[WhiteElo "2350"]
[BlackElo "2405"]
[PlyCount "28"]
[EventDate "1997.10.12"]
[EventType "team-tourn"]
[EventRounds "11"]
[EventCountry "AUT"]
[SourceTitle "CBM 063 ext"]
[Source "ChessBase"]
[SourceDate "1998.04.29"]
[SourceVersion "1"]
[SourceVersionDate "1998.04.29"]
[SourceQuality "1"]
[WhiteTeam "Gleisdorf"]
[BlackTeam "Absam"]
[WhiteTeamCountry "AUT"]
[BlackTeamCountry "AUT"]

1. e4 e6 2. d4 d5 3. Nc3 Nf6 4. e5 Nfd7 5. f4 c5 6. Nf3 Nc6 7. Be3 a6 8. Qd2 b5 9. Ne2 b4 10. h4 Be7 11. h5 0-0 12. g4 f6 13. Bg2 fxe5 14. dxe5 Nb6 1/2-1/2

[Event "AUT-ch"]
[Site "Moesern"]
[Date "1997.08.15"]
[Round "14"]
[White "Schlosser, Michael"]
[Black "Brestian, Egon"]
[Result "1/2-1/2"]
[WhiteElo "2350"]
[BlackElo "2440"]
[PlyCount "81"]
[EventDate "1997.08.??"]
[EventType "tourn"]
[EventRounds "15"]
[EventCountry "AUT"]
[EventCategory "6"]
[SourceTitle "CBM 059 Extra"]
[Source "ChessBase"]
[SourceDate "1997.09.26"]
[SourceVersion "1"]
[SourceVersionDate "1997.09.26"]
[SourceQuality "1"]

1. e4 c5 2. Nf3 d6 3. d4 cxd4 4. Nxd4 Nf6 5. Nc3 g6 6. Be3 Bg7 7. f3 Nc6 8. Qd2 Bd7 9. 0-0-0 Nxd4 10. Bxd4 Qa5 11. Kb1 Rc8 12. g4 a6 13. h4 Be6 14. a3 h6 15. Rh2 Kf8 16. Rf2 Nd7 17. Bxg7+ Kxg7 18. Qd4+ Qe5 19. Qe3 Qc5 20. Qe1 Nb6 21. Rfd2 Rhe8 22. Qg3 Qa5 23. Qf2 Rxc3 24. Qd4+ f6 25. Qxc3 Qxc3 26. bxc3 Na4 27. Rd3 Rc8 28. c4 Bxc4 29. Re3 Be6 30. Rd4 b5 31. Kc1 g5 32. Rd2 Nc5 33. Rh2 Nd7 34. Kd2 Ne5 35. Be2 Bc4 36. Bd3 Kf7 37. Rh3 Ke6 38. hxg5 hxg5 39. Re1 Kd7 40. Rb1 Rc7 41. Rg3 1/2-1/2

[Event "AUT-ch"]
[Site "Moesern"]
[Date "1997.08.11"]
[Round "10"]
[White "Schlosser, Michael"]
[Black "Casagrande, Harald"]
[Result "0-1"]
[WhiteElo "2350"]
[BlackElo "2345"]
[PlyCount "122"]
[EventDate "1997.08.??"]
[EventType "tourn"]
[EventRounds "15"]
[EventCountry "AUT"]
[EventCategory "6"]
[SourceTitle "CBM 059 Extra"]
[Source "ChessBase"]
[SourceDate "1997.09.26"]
[SourceVersion "1"]
[SourceVersionDate "1997.09.26"]
[SourceQuality "1"]

1. e4 c6 2. d4 d5 3. Nc3 dxe4 4. Nxe4 Nd7 5. Ng5 Ndf6 6. N1f3 e6 7. Ne5 Nh6 8. Bc4 Bd6 9. Qe2 0-0 10. 0-0 Qc7 11. f4 b5 12. Bd3 c5 13. dxc5 Bxc5+ 14. Kh1 Nf5 15. c3 a6 16. a4 b4 17. Bd2 b3 18. Rf3 g6 19. Rh3 Kg7 20. Ng4 Nh5 21. Rf1 h6 22. Ne4 Bb6 23. Ne5 Nf6 24. Nxf6 Kxf6 25. Bxf5 exf5 26. c4 Ba5 27. Be3 Rd8 28. Rxh6 Kg7 29. Rh3 Bb7 30. Qf2 Rh8 31. Rxh8 Rxh8 32. Rd1 Rd8 33. Rxd8 Qxd8 34. Bd4 f6 35. Nd3 Qe7 36. Nc5 Bc6 37. Nxb3 Bb4 38. a5 Qe4 39. h3 Qd3 40. Nc1 Qxc4 41. Ne2 Bxa5 42. Kh2 Bc7 43. h4 Qd5 44. Be3 Qe4 45. Nd4 Bd5 46. Kg1 Kf7 47. Qd2 Ba5 48. Qe2 Be1 49. Nf3 Bg3 50. Qd2 Qb1+ 51. Qc1 Qxc1+ 52. Bxc1 Bxf3 53. gxf3 Bxh4 54. Kf1 Ke6 55. Ke2 Kd5 56. Bd2 Kc4 57. Bc3 Bg3 58. Ke3 g5 59. Bxf6 Bxf4+ 60. Ke2 Kb3 61. Bc3 Bc1 0-1

[Event "AUT-ch"]
[Site "Moesern"]
[Date "1997.08.06"]
[Round "5"]
[White "Stanec, Nikolaus"]
[Black "Schlosser, Michael"]
[Result "1-0"]
[WhiteElo "2465"]
[BlackElo "2350"]
[PlyCount "51"]
[EventDate "1997.08.??"]
[EventType "tourn"]
[EventRounds "15"]
[EventCountry "AUT"]
[EventCategory "6"]
[SourceTitle "CBM 059 Extra"]
[Source "ChessBase"]
[SourceDate "1997.09.26"]
[SourceVersion "1"]
[SourceVersionDate "1997.09.26"]
[SourceQuality "1"]

1. e4 c5 2. Nc3 Nc6 3. g3 g6 4. Bg2 Bg7 5. d3 d6 6. Be3 Nd4 7. Qd2 Qa5 8. Rb1 Rb8 9. a4 a6 10. f4 Bd7 11. Nf3 Qb4 12. 0-0 Bxa4 13. Nxa4 Qxa4 14. c3 Nxf3+ 15. Bxf3 Nf6 16. b4 cxb4 17. Rxb4 Qd7 18. e5 dxe5 19. fxe5 Nd5 20. Rd4 Nxe3 21. Rxd7 Nxf1 22. Rxe7+ Kxe7 23. Qg5+ f6 24. exf6+ Bxf6 25. Qc5+ Kf7 26. Qc7+ 1-0

[Event "AUT-ch"]
[Site "Moesern"]
[Date "1997.08.05"]
[Round "4"]
[White "Schlosser, Michael"]
[Black "Schroll, Gerhard"]
[Result "1-0"]
[WhiteElo "2350"]
[BlackElo "2405"]
[PlyCount "65"]
[EventDate "1997.08.??"]
[EventType "tourn"]
[EventRounds "15"]
[EventCountry "AUT"]
[EventCategory "6"]
[SourceTitle "CBM 059 Extra"]
[Source "ChessBase"]
[SourceDate "1997.09.26"]
[SourceVersion "1"]
[SourceVersionDate "1997.09.26"]
[SourceQuality "1"]

1. e4 e5 2. Nf3 Nf6 3. Nxe5 d6 4. Nf3 Nxe4 5. d4 d5 6. Bd3 Be7 7. 0-0 Nc6 8. c4 Nf6 9. Nc3 Be6 10. cxd5 Nxd5 11. Re1 0-0 12. a3 h6 13. Bc2 Re8 14. Qd3 Kf8 15. Nxd5 Qxd5 16. Qh7 f5 17. Bxh6 gxh6 18. Qxh6+ Kf7 19. Qh7+ Kf8 20. Qh6+ Kf7 21. Ne5+ Nxe5 22. Qh7+ Kf8 23. Qh6+ Kf7 24. Qh7+ Kf8 25. Rxe5 Qd6 26. Qh6+ Kf7 27. Qh7+ Kf8 28. Qh6+ Kf7 29. Bxf5 Bxf5 30. Rxf5+ Bf6 31. Qh7+ Kf8 32. Qg6 Ke7 33. Re1+ 1-0